The new comes (Record no. 166193)

MARC details
000 -LEADER
campo de control de longitud fija 00671nam a22001815i 4500
001 - NÚMERO DE CONTROL
campo de control 166193
003 - IDENTIFICADOR DE NÚMERO DE CONTROL
campo de control ES-MaACL
005 - FECHA Y HORA DE LA ÚLTIMA TRANSACCIÓN
campo de control 20250702063124.0
008 - DATOS DE LONGITUD FIJA--INFORMACIÓN GENERAL
campo de control de longitud fija 940301m18541855gw |||| | eng d
040 ## - FUENTE DE CATALOGACIÓN
Centro catalogador/agencia de origen AS
Lengua de catalogación spa
100 1# - ENTRADA PRINCIPAL--NOMBRE DE PERSONA
Nombre de persona Thackeray, William Makepeace,
Fechas asociadas al nombre 1811-1863
9 (RLIN) 109858
245 14 - MENCIÓN DEL TÍTULO
Título The new comes
Resto del título : memoirs of a most respectable family /
Mención de responsabilidad, etc. by W.M. Thackeray.
260 ## - PUBLICACIÓN, DISTRIBUCIÓN, ETC.
Lugar de publicación, distribución, etc. Leipzig :
Nombre del editor, distribuidor, etc. Bernhard Tauchnitz,
Fecha de publicación, distribución, etc. 1854-1855.
300 ## - DESCRIPCIÓN FÍSICA
Extensión 4 v. ;
Dimensiones 16 cm.
596 ## - NOTA AL PIE DE IMPRENTA
NOTA AL PIE DE IMPRENTA En las anteport. de los tomos II, III y IV figuran como fechas de reimp. 1918-1920.
852 ## - LOCALIZACIÓN
Ubicación ES-MaACL
Número de control de estantería G-12013-14
Nota libre -- Enc. hol.
-- -- Enc. 4 t. en 2 v.
Holdings
Estatus retirado Estado de pérdida Estado de daño No para préstamo Colección Biblioteca de origen Biblioteca actual Ubicación en estantería Fecha de adquisición Total de préstamos Signatura topográfica completa Código de barras Visto por última vez Precio de reemplazo Tipo de ítem Koha
        Libros del s. XIX Biblioteca del Ateneo de Madrid Biblioteca del Ateneo de Madrid Sala Pecera Planta 3 17/01/2008   G-12013-14 1174292 23/02/2023 23/02/2023 Libro impreso antiguo